=LDR 00000nam 2200000 4500 =001 INLIS000000000034107 =005 20130612140026 =008 ***********************************ind** =035 ##$$0010-061300000034107 =041 ##$$a ind =082 ##$$a 621.007 =090 ##$$a 621.007, Sun t =100 ##$$a Sunyoto =245 ##$$a Teknik Mesin Industri Jilid 1 SMK, Sunyoto, Karnowo, S.M Bodan Respati =260 ##$$a 2008 $b Jakarta =300 ##$$a xii, 158 hlm, ilus, 25 cm =650 ##$$a Teknik Mesin =650 ##$$a Studi dan Pengajaran =710 ##$$a Respati =850 ##$$a NBPNMAT